<?xml version="1.0" encoding="UTF-8"?>
<collection xmlns="http://www.loc.gov/MARC21/slim">
 <record>
  <leader>01570nam a2200217Ia 4500</leader>
  <controlfield tag="001">TDMU_33791</controlfield>
  <controlfield tag="008">210410s9999    xx            000 0 und d</controlfield>
  <datafield tag="082" ind1=" " ind2=" ">
   <subfield code="a">650.12</subfield>
  </datafield>
  <datafield tag="090" ind1=" " ind2=" ">
   <subfield code="b">NG527</subfield>
  </datafield>
  <datafield tag="100" ind1=" " ind2=" ">
   <subfield code="a">Nguyễn, Trọng Hoài</subfield>
  </datafield>
  <datafield tag="245" ind1=" " ind2="0">
   <subfield code="a">Khung phân tích điều chỉnh hành vi người dân hướng dẫn tăng trưởng xanh ở các đô thị Việt Nam</subfield>
  </datafield>
  <datafield tag="245" ind1=" " ind2="0">
   <subfield code="b">Sách chuyên khảo</subfield>
  </datafield>
  <datafield tag="245" ind1=" " ind2="0">
   <subfield code="c">Nguyễn Trọng Hoài (ch.b.), Phạm Khánh Nam, Nguyễn Lưu Bảo Đoan và [nh.ng. khác]</subfield>
  </datafield>
  <datafield tag="260" ind1=" " ind2=" ">
   <subfield code="a">Tp. Hồ Chí Minh</subfield>
  </datafield>
  <datafield tag="260" ind1=" " ind2=" ">
   <subfield code="b">Kinh tế Tp. Hồ Chí Minh</subfield>
  </datafield>
  <datafield tag="260" ind1=" " ind2=" ">
   <subfield code="c">2016</subfield>
  </datafield>
  <datafield tag="300" ind1=" " ind2=" ">
   <subfield code="a">516tr.</subfield>
  </datafield>
  <datafield tag="520" ind1=" " ind2=" ">
   <subfield code="a">Xây dựng khung phân tích điều chỉnh hành vi người dân hướng đến tăng trưởng xanh ở các đô thị Việt Nam. Đánh giá mức độ xanh của hành vi tiêu dùng người dân ở các đô thị Việt Nam trong các hoạt động tiêu dùng nước, năng lượng, xử lý chất thải sinh hoạt, sử dụng các phương tiện giao thông. Kiến nghị các chính sách điều chỉnh hành vi tiêu dùng của người dân đến tăng trưởng xanh ở các đô thị nước ta</subfield>
  </datafield>
  <datafield tag="650" ind1=" " ind2=" ">
   <subfield code="a">Hành vi</subfield>
   <subfield code="x">Người dân</subfield>
   <subfield code="x">Điều chỉnh</subfield>
   <subfield code="x">Tăng trưởng kinh tế</subfield>
   <subfield code="x">Đô thị</subfield>
  </datafield>
  <datafield tag="856" ind1=" " ind2=" ">
   <subfield code="u">http://lrc.tdmu.edu.vn/opac/search/detail.asp?aID=2&amp;ID=33791</subfield>
  </datafield>
  <datafield tag="980" ind1=" " ind2=" ">
   <subfield code="a">Trung tâm Học liệu Trường Đại học Thủ Dầu Một</subfield>
  </datafield>
 </record>
</collection>
